banner-ar

الالات الموسيقية والانسان : (Record no. 66029)

MARC details
000 -الفاتح
حقل البيانات ثابتة الطول 00909nam a22002297a 4500
005 - وقت وتاريخ اخر تعامل مع التسجيلة
رقم الضبط 20240530110855.0
008 - عناصر البيانات ثابتة الطول - معلومات عامة
حقل البيانات ثابتة الطول 211004s2017 ua a g b 000 0 ara d
017 ## - رقم الايداع القانونى
المصدر ( الهيئة المختصة) مصر. دار الكتب
رقم الايداع القانونى 2011/2943
020 ## - الرقم الدولى المعيارى للكتب
الرقم الدولى المعيارى للكتاب 9789777044479
040 ## - مصدر الفهرسة
وكالة الفهرسة الأصلية EG-CaGPL
وكالة النسخ EG-CaGPL
082 04 - رقم تصنيف ديوى العشرى
رقم الطبعة 21
رقم التصنيف 784.03\
رقم المادة ف آ
100 0# - المدخل الرئيسى - إسم شخصى
الإسم الشخصى فتحى الصنفاوى
245 12 - بيان العنوان
العنوان الالات الموسيقية والانسان :
بيان المسئوليه,etc فتحى الصنفاوى
بقية العنوان الزمان والمكان : موسوعة الالات الموسيقية عبر التاريخ /
250 ## - بيان الطبعة
بيان الطبعة ط.1
260 ## - PUBLICATION, DISTRIBUTION, ETC. (IMPRINT)
تاريخ النشر أو التوزيع 2017
300 ## - الوصف المادى
التعداد 2 جزء ؛
أبعاد الوعاء 24 سم.
650 07 - المدخل الاضافى بالموضوع-مصطلح موضوعى
مصدر الرأس أو المصطلح qrmak
مصطلح موضوعي الالات الموسيقية
650 07 - المدخل الاضافى بالموضوع-مصطلح موضوعى
مصطلح موضوعي الالات الموسيقية
مصدر الرأس أو المصطلح qrmak
التقسيم الفرعي الشكلي موسوعات
650 07 - المدخل الاضافى بالموضوع-مصطلح موضوعى
مصطلح موضوعي الالات الموسيقية
التقسيم الفرعي العام تاريخ
651 ## - المدخل الاضافى بالموضوع - اسم جغرافى
مصدر الرأس أو المصطلح qrmak
942 ## - عناصر المدخل الإضافي( كوها)
مصدر التصنيف او مخطط الترفيف Dewey Decimal Classification
Koha [default] item type كتاب
260 ## - PUBLICATION, DISTRIBUTION, ETC. (IMPRINT)
-- القاهرة :
-- المجلس الاعلى للثقافة،
Holdings
حالة التراجع حالة الفقد حالة تلف ليس للاعارة المكان المؤقت الموقع الحالى موقع الترفيف تاريخ الاكتساب اجمالي اﻻعارات رقم الطلب الباركود تاريخ اخر مشاهدة تاريخ تفعيل السعر نوع وعاء كوها
        مكتبة القاهرة الكبرى مكتبة القاهرة الكبرى   10/04/2021   784.03\ ف آ 167177 10/04/2021 10/04/2021 كتاب
        مكتبة القاهرة الكبرى مكتبة القاهرة الكبرى   10/04/2021   784.03\ ف آ 167178 10/04/2021 10/04/2021 كتاب

Powered By

EGPV